| LEADER 00000nam 2200000uu 4500 |
| 001 210774 |
| 003 ULIBM |
| 008 020711s2014 th a 000 0 eng d |
| 020 978-0-07-179479-4
|
| 041 ^aeng
|
| 060 4 WL140 R785a 2014
|
| 100 Ropper, Allan H.
|
| 245 Adams and victors principles of neurology/^cAllan H. Ropper,Martin A. Samuels,Joshua P. Klein.
|
| 250 10th ed.
|
| 260 New York :^bMcGraw-Hill education/Medical,^c2014.
|
| 300 ix,1654 p. :^bill ;^c28 cm.
|
| 650 4 Nervous System Diseases
|
| 650 4 ^aMental Disorders
|
| 650 4 ^aNeurologic Manifestations
|
| 700 0 ^aSamuels, Martin A.
|
| 700 0 ^aKlein, Joshua P.
|
| 856 ^zIMG_6581.JPG (สารบัญหนังสือ)^uhttp://library.bcnkk.ac.th/ULIB62015//_fulltext/5/210774/IMG_6581.JPG
|
| 856 ^zIMG_6585.JPG (สารบัญหนังสือ)^uhttp://library.bcnkk.ac.th/ULIB62015//_fulltext/5/210774/IMG_6585.JPG |
| 999 ^aใช้งานได้ทุกระบบ
|